000
00270nam a22001217a 4500
008
171227b xxu||||| |||| 00| 0 eng d
041
_a
eng
080
_a
94
100
_a
17
101
_a
HIS
245
_a
U.S.-MEXICAN RELATIONS, 1910-1940
_c
KNIGHT,A
942
_2
udc
_c
BK
999
_c
39500
_d
39500